La cueva de Hércules y El Palacio encantado de Toledo

Uloženo v:
Podrobná bibliografie
Hlavní autor: Ruiz de la Puerta, Fernando (Autor)
Médium: Kniha
Jazyk:španělština
Vydáno: Madrid Editora Nacional 1977
Edice:Biblioteca de Visionarios Heterodoxos y Marginados, 21
Témata:
Tagy: Přidat tag
Žádné tagy, Buďte první, kdo vytvoří štítek k tomuto záznamu!

MARC

LEADER 00000nam a2200000 a 4500
001 UCV7881
003 CL-VaPUC
008 891229e19770000SP |||||||||||||||||spa|d
082 0 4 |a 946.4643  |b RUI  |2 21 
100 0 |a Ruiz de la Puerta, Fernando  |e author  |9 301984 
245 1 3 |a La cueva de Hércules y El Palacio encantado de Toledo 
300 |a 232 p 
942 |c BK 
945 |d 19891229 00:00:00 
260 |a Madrid  |b Editora Nacional  |c 1977 
650 7 |a LEYENDAS  |2 CL-VaPUC  |9 265258 
650 0 |a Historia  |9 255047 
651 7 |a ESPAÑA, TOLEDO  |2 CL-VaPUC  |9 265714 
583 |a last modification  |c 19891229 00:00:00  |k Rodrigo Vera 
490 0 |a Biblioteca de Visionarios Heterodoxos y Marginados, 21 
999 |c 213490  |d 213488 
952 |0 0  |1 0  |4 0  |6 946_464300000000000_RUI_1977  |7 0  |8 A  |9 195929  |a BIBEDU  |b BIBEDU  |d 2019-11-14  |i 2638991  |o 946.4643 RUI 1977  |p 2638991  |r 2019-11-14  |w 2019-11-14  |y BK  |k LIT 
952 |0 0  |1 0  |4 0  |6 946_464300000000000_RUI_1977  |7 0  |8 P  |9 195930  |a BIBARQ  |b BIBARQ  |d 2019-11-14  |i 2639009  |o 946.4643 RUI 1977  |p 2639009  |r 2025-01-20  |w 2019-11-14  |y BK  |k ARQ 
952 |0 0  |1 0  |4 0  |6 946_464300000000000_RUI_1977  |7 0  |8 A  |9 195931  |a BIBTEO  |b BIBTEO  |d 2019-11-14  |i 3716481  |o 946.4643 RUI 1977  |p 3716481  |r 2025-01-17  |w 2019-11-14  |y BK  |k ICR